Historia política de la España Contemporánea. (Record no. 62454)
[ view plain ]
| 000 -LEADER | |
|---|---|
| campo de control de longitud fija | 00769nam a2200193 i 4500 |
| 001 - NÚMERO DE CONTROL | |
| campo de control | 62454 |
| 003 - IDENTIFICADOR DE NÚMERO DE CONTROL | |
| campo de control | ES-MaACL |
| 005 - FECHA Y HORA DE LA ÚLTIMA TRANSACCIÓN | |
| campo de control | 20250603164550.0 |
| 007 - CAMPO FIJO DE DESCRIPCIÓN FÍSICA--INFORMACIÓN GENERAL | |
| campo de control de longitud fija | t| |
| 008 - DATOS DE LONGITUD FIJA--INFORMACIÓN GENERAL | |
| campo de control de longitud fija | 031121s1956 sp ||||1| spa d |
| 100 1# - ENTRADA PRINCIPAL--NOMBRE DE PERSONA | |
| Nombre de persona | Fernández Almagro, Melchor, |
| Fechas asociadas al nombre | 1893-1966 |
| 9 (RLIN) | 49447 |
| 245 10 - MENCIÓN DEL TÍTULO | |
| Título | Historia política de la España Contemporánea. |
| Número de parte o sección de la obra | 1, |
| Nombre de parte o sección de la obra | Desde la revolución de septiembre hasta la muerte de Alfonso XII / |
| Mención de responsabilidad, etc. | Melchor Fernández Almagro. |
| 260 ## - PUBLICACIÓN, DISTRIBUCIÓN, ETC. | |
| Lugar de publicación, distribución, etc. | Madrid : |
| Nombre del editor, distribuidor, etc. | Pegaso, |
| Fecha de publicación, distribución, etc. | [1956] ( |
| Fabricante | González) |
| 300 ## - DESCRIPCIÓN FÍSICA | |
| Extensión | XV, 611 p., 76 lám. : |
| Otras características físicas | graf. ; |
| Dimensiones | 23 cm. |
| 651 #4 - PUNTO DE ACCESO ADICIONAL DE MATERIA--NOMBRE GEOGRÁFICO | |
| Nombre geográfico | España- |
| Subdivisión general | Historia- |
| Subdivisión cronológica | 1868-1874, Sexenio revolucionario |
| 9 (RLIN) | 8260 |
| 651 #4 - PUNTO DE ACCESO ADICIONAL DE MATERIA--NOMBRE GEOGRÁFICO | |
| Nombre geográfico | España- |
| Subdivisión general | Historia- |
| Subdivisión cronológica | 1874-1885, Alfonso XII. |
| 9 (RLIN) | 8265 |
| 852 ## - LOCALIZACIÓN | |
| Ubicación | ES-MaACL |
| Número de control de estantería | C-11276 |
| Sublocalización o colección | R.38617 |
| Estatus retirado | Estado de pérdida | Estado de daño | No para préstamo | Biblioteca de origen | Biblioteca actual | Ubicación en estantería | Fecha de adquisición | Fuente de adquisición | Total de préstamos | Signatura topográfica completa | Código de barras | Visto por última vez | Precio de reemplazo | Tipo de ítem Koha |
|---|---|---|---|---|---|---|---|---|---|---|---|---|---|---|
| Biblioteca del Ateneo de Madrid | Biblioteca del Ateneo de Madrid | Sala Palomar | 17/01/2008 | C-11276 | 1065479 | 23/02/2023 | 23/02/2023 | Libro impreso |
